[Event "Barbera del Valles"]
[Site "XXX Open"]
[Date "2007.07.06"]
[Round "1"]
[White "Teske, Henrik"]
[Black "Cuartas, Jorge Humberto"]
[Result "1-0"]
[WhiteElo "2578"]
[BlackElo "2236"]
[PlyCount "91"]
[EventDate "2007.07.??"]
[EventType "swiss"]
[EventRounds "9"]
[EventCountry "ESP"]

1. d4 d5 2. c4 c6 3. Nf3 Nf6 4. Nc3 a6 5. h3 Bf5 6. Qb3 Ra7 7. Bg5 e6 8. Bxf6
gxf6 9. e3 Nd7 10. Rc1 Qb6 11. Qxb6 Nxb6 12. c5 Nd7 13. Nh4 Bg6 14. f4 f5 15.
g4 Be7 16. Nf3 fxg4 17. hxg4 Ra8 18. Be2 Kf8 19. Kd2 Kg7 20. Rcg1 f6 21. f5 Bf7
22. fxe6 Bxe6 23. Bd3 Nf8 24. g5 f5 25. Ne2 Ng6 26. Nf4 Bd7 27. Rh6 Raf8 28.
Rgh1 Bc8 29. b4 Bd8 30. a4 Re8 31. R1h3 Ref8 32. Ke2 Re8 33. Kf2 Ref8 34. Rh1
Re8 35. b5 axb5 36. axb5 Ref8 37. bxc6 bxc6 38. Nxg6 hxg6 39. Ne5 Rxh6 40. Rxh6
Bb7 41. Rxg6+ Kh7 42. Kf3 Bc7 43. Rh6+ Kg7 44. Kf4 Ra8 45. Bxf5 Bxe5+ 46. Kxe5
1-0

[Event "Barbera del Valles"]
[Site "XXX Open"]
[Date "2007.07.06"]
[Round "1"]
[White "Narciso Dublan, Marc"]
[Black "Barranco Montilla, Cristobal"]
[Result "1-0"]
[WhiteElo "2552"]
[BlackElo "2193"]
[PlyCount "91"]
[EventDate "2007.07.??"]
[EventType "swiss"]
[EventRounds "9"]
[EventCountry "ESP"]

1. d4 Nf6 2. c4 c5 3. d5 b5 4. cxb5 a6 5. bxa6 g6 6. Nc3 Bxa6 7. e4 Bxf1 8.
Kxf1 d6 9. g3 Bg7 10. Kg2 O-O 11. Nge2 Qb6 12. Rb1 Na6 13. f3 Nc7 14. Bg5 Rfb8
15. Qd2 Nb5 16. Rhe1 Qd8 17. Nxb5 Rxb5 18. Nc3 Rb7 19. b3 Nd7 20. a4 Bxc3 21.
Qxc3 f6 22. Bd2 Qb8 23. Qc2 Qa7 24. f4 Qa6 25. a5 Rab8 26. Bc3 Rb5 27. Rb2 Qb7
28. Reb1 Rc8 29. Qe2 Nb8 30. h4 h5 31. g4 hxg4 32. Qxg4 Kf7 33. Qe6+ Kf8 34. h5
gxh5 35. Rh1 Qd7 36. Rxh5 Qxe6 37. dxe6 Kg7 38. Kf1 Rg8 39. Rg2+ Kf8 40. Rxg8+
Kxg8 41. Bxf6 exf6 42. Rh8+ Kxh8 43. e7 Rxb3 44. e8=Q+ Kg7 45. f5 c4 46. Qg6+
1-0

[Event "Barbera del Valles"]
[Site "XXX Open"]
[Date "2007.07.06"]
[Round "1"]
[White "Losada Cabrera, Francisco Javier"]
[Black "Cuartas, Jaime Alexander"]
[Result "0-1"]
[WhiteElo "2183"]
[BlackElo "2504"]
[PlyCount "90"]
[EventDate "2007.07.??"]
[EventType "swiss"]
[EventRounds "9"]
[EventCountry "ESP"]

1. e4 c5 2. Nf3 Nc6 3. d4 cxd4 4. Nxd4 Nf6 5. Nc3 e6 6. Ndb5 Bb4 7. a3 Bxc3+ 8.
Nxc3 d5 9. exd5 exd5 10. Qe2+ Be6 11. Bg5 h6 12. Bh4 d4 13. O-O-O Qe7 14. Ne4
g5 15. Nxf6+ Qxf6 16. Bg3 O-O-O 17. Qd2 Qf5 18. f4 Qd5 19. fxg5 hxg5 20. b3 Qc5
21. Kb2 Qc3+ 22. Kb1 Qxd2 23. Rxd2 a6 24. Bd3 f5 25. Re1 Bd7 26. h3 Rde8 27.
Ree2 f4 28. Bf2 Re3 29. Bc4 g4 30. Bxe3 dxe3 31. Rd1 gxh3 32. gxh3 Rxh3 33. Rf1
Nd4 34. Ree1 Nf3 35. Kb2 Nxe1 36. Rxe1 Rh2 37. Kc3 Bg4 38. Rg1 Bf5 39. Bd3 Bxd3
40. Kxd3 Rd2+ 41. Ke4 Rf2 42. Kd3 e2 43. Kd2 f3 44. Ke1 Rh2 45. Kd2 e1=Q+ 0-1

[Event "Barbera del Valles"]
[Site "XXX Open"]
[Date "2007.07.06"]
[Round "1"]
[White "Almeida Quintana, Omar"]
[Black "Chalmeta Ugas, Ramon"]
[Result "1-0"]
[WhiteElo "2501"]
[BlackElo "2176"]
[PlyCount "85"]
[EventDate "2007.07.??"]
[EventType "swiss"]
[EventRounds "9"]
[EventCountry "ESP"]

1. d4 Nf6 2. Nf3 g6 3. c4 Bg7 4. Nc3 d5 5. Bg5 Ne4 6. Bh4 Nxc3 7. bxc3 c5 8. e3
Nc6 9. Rb1 cxd4 10. cxd4 Qa5+ 11. Qd2 Qxd2+ 12. Kxd2 dxc4 13. Bxc4 Na5 14. Bb5+
Bd7 15. Rhc1 a6 16. Bxd7+ Kxd7 17. Rc5 b5 18. a4 Rhc8 19. Rxc8 Rxc8 20. axb5
Rb8 21. Ng5 f6 22. Ne4 Rxb5 23. Nc5+ Kd6 24. Bg3+ e5 25. Ne4+ Kd7 26. Rxb5 axb5
27. dxe5 fxe5 28. Kd3 Kc6 29. f3 b4 30. Be1 Kb5 31. g4 Nb7 32. Bh4 Nc5+ 33.
Nxc5 Kxc5 34. Be7+ Kb5 35. e4 h6 36. h4 Bh8 37. g5 hxg5 38. hxg5 Bg7 39. Bd6
Ka4 40. Kc4 b3 41. Kc3 Bh8 42. Be7 Bg7 43. Kb2 1-0

[Event "Barbera del Valles"]
[Site "XXX Open"]
[Date "2007.07.06"]
[Round "1"]
[White "Barbero Senidic, Alejandro"]
[Black "Corrales Jimenez, Fidel"]
[Result "0-1"]
[WhiteElo "2163"]
[BlackElo "2499"]
[PlyCount "116"]
[EventDate "2007.07.??"]
[EventType "swiss"]
[EventRounds "9"]
[EventCountry "ESP"]

1. e4 c5 2. Nf3 d6 3. d4 cxd4 4. Nxd4 Nf6 5. Nc3 a6 6. Bc4 e6 7. O-O Be7 8. Qf3
Nbd7 9. Qg3 Ne5 10. Be2 h5 11. h3 h4 12. Qe3 g5 13. Nf3 Nxf3+ 14. Bxf3 Nd7 15.
Rd1 Ne5 16. b3 Bd7 17. Bb2 Rc8 18. Rd2 Rg8 19. Bg4 Rc5 20. Ne2 b5 21. Rad1 Qc7
22. c3 Nxg4 23. hxg4 e5 24. f3 Be6 25. Nc1 a5 26. Kh2 f6 27. Ne2 Kf7 28. Ba3
Rc6 29. Rd3 Rd8 30. Kg1 a4 31. Nc1 axb3 32. axb3 Ra8 33. Bb4 Ra1 34. Qd2 Qa7+
35. Kh2 Raa6 36. Qb2 Ke8 37. Qe2 Qb7 38. Qc2 Qb8 39. Kh1 Bd8 40. Qd2 Bc7 41.
Qb2 Qb6 42. Qd2 Ke7 43. Kh2 Ra8 44. Qb2 Rd8 45. Qd2 Kf7 46. Kh1 Qb7 47. Qb2 Ra6
48. Qd2 Rd7 49. Qc2 Qc6 50. Qd2 Ra8 51. Kh2 Rad8 52. Qc2 Kg7 53. Kh1 d5 54.
exd5 Bxd5 55. Qd2 h3 56. Qf2 hxg2+ 57. Kxg2 e4 58. Rxd5 Rxd5 0-1

[Event "Barbera del Valles"]
[Site "XXX Open"]
[Date "2007.07.06"]
[Round "1"]
[White "Fluvia, Jordi"]
[Black "Moreto Quintana, Alex"]
[Result "1/2-1/2"]
[WhiteElo "2497"]
[BlackElo "2153"]
[PlyCount "95"]
[EventDate "2007.07.??"]
[EventType "swiss"]
[EventRounds "9"]
[EventCountry "ESP"]

1. Nf3 Nf6 2. g3 d5 3. c4 c5 4. Bg2 Nc6 5. O-O e5 6. cxd5 Nxd5 7. Nc3 Nb6 8. d3
Be7 9. Be3 Be6 10. Rc1 O-O 11. Ne4 Nd7 12. Nxc5 Nxc5 13. Bxc5 Bxc5 14. Rxc5 Qb6
15. Qc1 Bxa2 16. Qc3 f6 17. d4 Nxd4 18. Nxd4 exd4 19. Qxd4 Rad8 20. Qc3 Rd7 21.
Rc1 Rfd8 22. Bf3 Qe6 23. Rc7 Bd5 24. Rxd7 Rxd7 25. Qc8+ Kf7 26. Rc7 Rxc7 27.
Qxc7+ Kg6 28. Qc2+ f5 29. Bxd5 Qxd5 30. g4 Qe4 31. gxf5+ Qxf5 32. Qxf5+ Kxf5
33. Kf1 h5 34. Ke1 g5 35. Kd2 g4 36. Kd3 Ke5 37. Kc4 Ke4 38. Kc5 Ke5 39. b3 Ke6
40. Kd4 Kd6 41. Ke4 Ke6 42. Kf4 Kd5 43. Kf5 a5 44. e4+ Kd6 45. Kf6 Kd7 46. Kf7
Kd6 47. Kf6 Kd7 48. Kf7 1/2-1/2

[Event "Barbera del Valles"]
[Site "XXX Open"]
[Date "2007.07.06"]
[Round "1"]
[White "Gonzalez Vidal, Yuri"]
[Black "Bellet, Georges"]
[Result "1-0"]
[WhiteElo "2475"]
[BlackElo "2177"]
[PlyCount "67"]
[EventDate "2007.07.??"]
[EventType "swiss"]
[EventRounds "9"]
[EventCountry "ESP"]

1. e4 c5 2. Nf3 d6 3. d4 cxd4 4. Nxd4 Nf6 5. Nc3 a6 6. Be3 e6 7. Be2 Qc7 8. Qd2
Nbd7 9. O-O-O b5 10. a3 Bb7 11. f3 Rc8 12. Kb1 Ne5 13. g4 Nc4 14. Bxc4 Qxc4 15.
g5 Nd7 16. h4 b4 17. axb4 Qxb4 18. Qf2 Rxc3 19. Bd2 Rxf3 20. Nxf3 Qxe4 21. Rhf1
Be7 22. Nd4 O-O 23. Rfe1 Qg4 24. Rg1 Qh5 25. Bb4 Ne5 26. Ne2 Nf3 27. Nf4 Qxh4
28. Qxh4 Nxh4 29. Bxd6 Bxd6 30. Rxd6 Nf5 31. Rb6 Bc8 32. Rd1 e5 33. Nd5 a5 34.
Re1 1-0

[Event "Barbera del Valles"]
[Site "XXX Open"]
[Date "2007.07.06"]
[Round "1"]
[White "Mohota, Swati"]
[Black "Pakleza, Zbigniew"]
[Result "0-1"]
[WhiteElo "2121"]
[BlackElo "2463"]
[PlyCount "62"]
[EventDate "2007.07.??"]
[EventType "swiss"]
[EventRounds "9"]
[EventCountry "ESP"]

1. d4 d6 2. c4 e5 3. Nf3 exd4 4. Nxd4 g6 5. g3 Bg7 6. Bg2 Ne7 7. e4 O-O 8. O-O
Nd7 9. Nc3 Nc6 10. Be3 Nde5 11. Nxc6 bxc6 12. Bd4 c5 13. Bxe5 Bxe5 14. Qd2 a5
15. Kh1 Be6 16. Nd5 c6 17. Ne3 Bd4 18. Rac1 Qb6 19. Rc2 Qb4 20. Ra1 Rfd8 21. b3
Qb6 22. Rb1 a4 23. f4 axb3 24. Rxb3 Qa5 25. f5 Qxd2 26. Rxd2 Bxe3 27. Rxe3 Bxc4
28. a3 gxf5 29. exf5 d5 30. Bf3 d4 31. Re5 Bd5 0-1

[Event "Barbera del Valles"]
[Site "XXX Open"]
[Date "2007.07.06"]
[Round "1"]
[White "Perez Mitjans, Orelvis"]
[Black "Ridameya Tatche, Jose"]
[Result "1-0"]
[WhiteElo "2412"]
[BlackElo "2109"]
[PlyCount "45"]
[EventDate "2007.07.??"]
[EventType "swiss"]
[EventRounds "9"]
[EventCountry "ESP"]

1. e4 e5 2. d4 exd4 3. Qxd4 Nc6 4. Qe3 Nf6 5. Nc3 Nb4 6. Bd3 d6 7. Bd2 Ng4 8.
Qe2 Be6 9. f4 Nxd3+ 10. cxd3 Nf6 11. f5 Bd7 12. Nf3 c6 13. d4 Qc7 14. e5 dxe5
15. dxe5 O-O-O 16. Qf2 Ng4 17. Qxa7 Nxe5 18. Qa8+ Qb8 19. Qxb8+ Kxb8 20. Nxe5
Re8 21. O-O-O Bxf5 22. Nxf7 Rg8 23. Bf4+ 1-0

[Event "Barbera del Valles"]
[Site "XXX Open"]
[Date "2007.07.06"]
[Round "1"]
[White "Vehi Bach, Victor"]
[Black "Chamba, Antoine"]
[Result "1-0"]
[WhiteElo "2388"]
[BlackElo "2091"]
[PlyCount "103"]
[EventDate "2007.07.??"]
[EventType "swiss"]
[EventRounds "9"]
[EventCountry "ESP"]

1. e4 e5 2. Nf3 Nc6 3. Nc3 Nf6 4. Bb5 Nd4 5. O-O Nxb5 6. Nxb5 c6 7. Nc3 d6 8.
d4 Qc7 9. h3 Be7 10. a4 a5 11. Re1 O-O 12. Be3 Be6 13. Qd3 Rad8 14. d5 Bc8 15.
Qc4 Ne8 16. Nd2 Kh8 17. Qb3 c5 18. Nb5 Qb6 19. Nc4 Qa6 20. Bd2 b6 21. Nba3 f5
22. Qxb6 fxe4 23. Qxa6 Bxa6 24. Nxa5 Rd7 25. c4 Bh4 26. g3 Bf6 27. Rxe4 Rdf7
28. Nc6 Bc8 29. Nb5 Bxh3 30. a5 Bf5 31. Ree1 Bd3 32. a6 Nc7 33. Nxc7 Rxc7 34.
a7 Ra8 35. Ra6 Rb7 36. Bc3 h5 37. f3 h4 38. Kg2 Bc2 39. Ra3 Bd3 40. Rd1 Bc2 41.
Rd2 Bf5 42. gxh4 Bxh4 43. b4 Bg5 44. Rd1 e4 45. f4 Bh6 46. bxc5 Bg4 47. Rf1 Be2
48. Rfa1 Bxc4 49. Na5 Bxd5 50. Nxb7 Bxb7 51. Rb1 e3+ 52. Rxb7 1-0

[Event "Barbera del Valles"]
[Site "XXX Open"]
[Date "2007.07.06"]
[Round "1"]
[White "Nadal Garcia, Lluis"]
[Black "Rojas Keim, Luis"]
[Result "1/2-1/2"]
[WhiteElo "2073"]
[BlackElo "2385"]
[PlyCount "105"]
[EventDate "2007.07.??"]
[EventType "swiss"]
[EventRounds "9"]
[EventCountry "ESP"]

1. e4 e6 2. d4 d5 3. Nc3 Bb4 4. Bd2 Ne7 5. exd5 exd5 6. Bd3 Nbc6 7. Nge2 Bf5 8.
Bf4 Qd7 9. O-O O-O 10. Re1 Ba5 11. Ng3 Bxd3 12. Qxd3 Ng6 13. Bd2 Bb6 14. Nce2
f5 15. Nh5 Rae8 16. c3 Qd6 17. Nef4 Re4 18. Qg3 Rfe8 19. f3 Rxe1+ 20. Rxe1
Rxe1+ 21. Bxe1 Nce7 22. Nxg6 Qxg6 23. Qe5 Qf7 24. Nf4 Ng6 25. Nxg6 hxg6 26. b4
a5 27. a3 c6 28. Bg3 Kh7 29. Qf4 Bd8 30. Qe3 g5 31. Be5 f4 32. Qd3+ Qg6 33.
Qxg6+ Kxg6 34. Kf2 axb4 35. axb4 Bf6 36. Bc7 Kf5 37. h3 Ke6 38. Ke2 Kd7 39. Bb6
Bd8 40. Bc5 b6 41. Bf8 Bf6 42. Kd3 Ke6 43. b5 cxb5 44. Bb4 Be7 45. Ke2 Bxb4 46.
cxb4 Kf5 47. Kf2 Kg6 48. Kg1 Kh5 49. Kf2 Kh4 50. Kg1 Kg3 51. Kf1 Kh2 52. Kf2
Kh1 53. Kf1 1/2-1/2

[Event "Barbera del Valles"]
[Site "XXX Open"]
[Date "2007.07.06"]
[Round "1"]
[White "Asis Gargatagli, Hipolit"]
[Black "Del Valle Cirera, Adria"]
[Result "1-0"]
[WhiteElo "2374"]
[BlackElo "2072"]
[PlyCount "39"]
[EventDate "2007.07.??"]
[EventType "swiss"]
[EventRounds "9"]
[EventCountry "ESP"]

1. d4 d5 2. c4 c6 3. Nf3 Nf6 4. Nc3 e6 5. Bg5 h6 6. Bh4 g5 7. Bg3 dxc4 8. e4 b5
9. e5 Nd5 10. Be2 Be7 11. h4 g4 12. Nd2 h5 13. a4 b4 14. Nce4 c3 15. bxc3 Nxc3
16. Nxc3 bxc3 17. Ne4 Qd5 18. f3 Ba6 19. O-O gxf3 20. Bxf3 1-0

[Event "Barbera del Valles"]
[Site "XXX Open"]
[Date "2007.07.06"]
[Round "1"]
[White "Penas Hernandez, Yolanda"]
[Black "Camarena Gimenez, Rufino"]
[Result "0-1"]
[WhiteElo "2034"]
[BlackElo "2332"]
[PlyCount "30"]
[EventDate "2007.07.??"]
[EventType "swiss"]
[EventRounds "9"]
[EventCountry "ESP"]

1. e4 e6 2. d4 d5 3. Nc3 Bb4 4. e5 c5 5. a3 Ba5 6. b4 cxd4 7. Qxd4 Bc7 8. Nb5
Nc6 9. Nxc7+ Qxc7 10. Bb5 Nge7 11. f4 O-O 12. Qd3 Nxe5 13. fxe5 Qxe5+ 14. Qe3
Qxa1 15. Nf3 d4 0-1

[Event "Barbera del Valles"]
[Site "XXX Open"]
[Date "2007.07.06"]
[Round "1"]
[White "Ryan, Joseph"]
[Black "Sanahuja Palomo, Alex"]
[Result "1-0"]
[WhiteElo "2320"]
[BlackElo "2029"]
[PlyCount "63"]
[EventDate "2007.07.??"]
[EventType "swiss"]
[EventRounds "9"]
[EventCountry "ESP"]

1. e4 e5 2. Nf3 Nc6 3. Bc4 Nf6 4. d4 exd4 5. e5 d5 6. Bb5 Ne4 7. Nxd4 Bd7 8.
Bxc6 bxc6 9. O-O Be7 10. f3 Nc5 11. Be3 O-O 12. Nd2 Na4 13. b3 Nc3 14. Qe1 c5
15. Ne2 Bb5 16. Nxc3 Bxf1 17. Nxf1 d4 18. Rd1 Qe8 19. Nd5 Bd8 20. Bf2 g5 21.
Nf6+ Bxf6 22. exf6 Qxe1 23. Bxe1 h6 24. Ng3 Rad8 25. Ne4 Rd5 26. c4 Rf5 27. h3
h5 28. Bg3 c6 29. Bd6 Re8 30. Rd3 g4 31. hxg4 hxg4 32. fxg4 1-0

[Event "Barbera del Valles"]
[Site "XXX Open"]
[Date "2007.07.06"]
[Round "1"]
[White "Subirach Mancebo, Guillem"]
[Black "Pena Riasco, Alexander"]
[Result "0-1"]
[WhiteElo "2021"]
[BlackElo "2296"]
[PlyCount "74"]
[EventDate "2007.07.??"]
[EventType "swiss"]
[EventRounds "9"]
[EventCountry "ESP"]

1. e4 c5 2. Nc3 Nc6 3. g3 g6 4. Bg2 Bg7 5. d3 Nf6 6. Be3 d6 7. h3 O-O 8. Qd2
Rb8 9. Bh6 b5 10. Bxg7 Kxg7 11. f4 b4 12. Nd1 e5 13. Ne2 d5 14. exd5 Nxd5 15.
O-O Bb7 16. Ne3 Nxe3 17. Qxe3 Qd6 18. Rae1 Rfe8 19. Qf2 f6 20. fxe5 Nxe5 21.
Nf4 Bxg2 22. Nxg2 a5 23. Ne3 a4 24. b3 axb3 25. axb3 Re6 26. Qf4 Rbe8 27. Ra1
R8e7 28. h4 h5 29. Ra5 Qc6 30. Nc4 Ng4 31. Qf3 Qxf3 32. Rxf3 Re1+ 33. Rf1 R1e2
34. Nd6 R7e3 35. Ne4 f5 36. Ra7+ Kh6 37. Nf2 Rxg3+ 0-1

[Event "Barbera del Valles"]
[Site "XXX Open"]
[Date "2007.07.06"]
[Round "1"]
[White "Motoc, Alina"]
[Black "Sanchez Obregon, Diego"]
[Result "1-0"]
[WhiteElo "2289"]
[BlackElo "2019"]
[PlyCount "111"]
[EventDate "2007.07.??"]
[EventType "swiss"]
[EventRounds "9"]
[EventCountry "ESP"]

1. d4 Nf6 2. c4 g6 3. Nc3 d5 4. Bg5 Ne4 5. Bh4 Nxc3 6. bxc3 Bg7 7. cxd5 Qxd5 8.
e3 Nd7 9. Qb3 Qxb3 10. axb3 e5 11. Nf3 O-O 12. Bc4 c5 13. dxc5 Nxc5 14. Be7
Nd3+ 15. Bxd3 e4 16. O-O-O Re8 17. Bxe4 Rxe7 18. Rd8+ Bf8 19. Bd5 Kg7 20. h4
Rc7 21. h5 gxh5 22. Nd4 Be7 23. Re8 Rxc3+ 24. Kb2 Rc7 25. Rxh5 Bf6 26. Be4 h6
27. Rb5 a6 28. Rb4 Ra7 29. Ka2 Bd7 30. Nf5+ Bxf5 31. Bxf5 h5 32. Rc4 Rxc4 33.
bxc4 b5 34. c5 Rc7 35. Rc8 Rxc8 36. Bxc8 a5 37. Ba6 b4 38. Kb3 Bd8 39. Kc4 Kf6
40. g3 Ke5 41. Bb7 h4 42. f4+ Kf5 43. gxh4 Bxh4 44. Bd5 Bd8 45. c6 f6 46. Kc5
Bc7 47. Kb5 Bd8 48. Ka6 Bc7 49. Kb7 Bd8 50. c7 Bxc7 51. Kxc7 a4 52. Bc6 a3 53.
Bd5 b3 54. Bxb3 Ke4 55. Kd6 f5 56. Ke6 1-0

[Event "Barbera del Valles"]
[Site "XXX Open"]
[Date "2007.07.06"]
[Round "1"]
[White "Costa Trave, Jaume"]
[Black "Garcia Jimenez, Francisco Javier"]
[Result "0-1"]
[WhiteElo "2013"]
[BlackElo "2287"]
[PlyCount "60"]
[EventDate "2007.07.??"]
[EventType "swiss"]
[EventRounds "9"]
[EventCountry "ESP"]

1. d4 d5 2. Nc3 Nf6 3. Bf4 Bf5 4. f3 h5 5. e3 e6 6. Bd3 Bd6 7. Nge2 Bxf4 8.
Nxf4 g5 9. Nfe2 Bxd3 10. Qxd3 Qd7 11. O-O-O Nc6 12. a3 O-O-O 13. e4 dxe4 14.
fxe4 Ng4 15. Qf3 Rh6 16. h3 Rf6 17. Qg3 Nf2 18. Qxg5 Rg6 19. Qxh5 Nxh1 20. Rxh1
Nxd4 21. Nxd4 Qxd4 22. Qe2 Rg3 23. Kb1 Qd2 24. Qc4 Qxg2 25. Rc1 a6 26. Qc5 Qd2
27. Qa7 Rxc3 28. bxc3 Rd6 29. Qc5 Rb6+ 30. Ka2 Kb8 0-1

[Event "Barbera del Valles"]
[Site "XXX Open"]
[Date "2007.07.06"]
[Round "1"]
[White "Alonso Rosell, Alvar"]
[Black "Torner Planell, Jordi"]
[Result "1-0"]
[WhiteElo "2285"]
[BlackElo "1977"]
[PlyCount "59"]
[EventDate "2007.07.??"]
[EventType "swiss"]
[EventRounds "9"]
[EventCountry "ESP"]

1. d4 Nf6 2. c4 e6 3. Nc3 d5 4. cxd5 Nxd5 5. e4 Nxc3 6. bxc3 c5 7. Nf3 cxd4 8.
cxd4 Nc6 9. a3 Be7 10. Be2 O-O 11. O-O b6 12. Bb2 Bb7 13. Bd3 Rc8 14. Qe2 Rc7
15. Rad1 Qa8 16. d5 Na5 17. Nd4 exd5 18. Nf5 f6 19. exd5 Bd8 20. d6 Rcf7 21.
Qg4 Kh8 22. Rfe1 Bc8 23. Qh4 g6 24. Ne7 Bf5 25. Bxf5 gxf5 26. Ng6+ Kg8 27. Nxf8
Kxf8 28. Qh6+ Rg7 29. f3 Qxf3 30. Qxg7+ 1-0

[Event "Barbera del Valles"]
[Site "XXX Open"]
[Date "2007.07.06"]
[Round "1"]
[White "Molano Lafuente, Ismael"]
[Black "Mestre Bellido, Hector"]
[Result "0-1"]
[WhiteElo "1951"]
[BlackElo "2269"]
[PlyCount "94"]
[EventDate "2007.07.??"]
[EventType "swiss"]
[EventRounds "9"]
[EventCountry "ESP"]

1. e4 e5 2. Nf3 Nc6 3. d4 exd4 4. Nxd4 Bc5 5. Be3 Qf6 6. Nb5 Bxe3 7. fxe3 Qe5
8. Nd2 Kd8 9. Bd3 Nf6 10. Nf3 Qe7 11. Nc3 d6 12. Qd2 Be6 13. O-O-O Kc8 14. Rhf1
a6 15. Nd4 Ne5 16. h3 Kb8 17. Nf5 Bxf5 18. exf5 Ka7 19. Qf2 Rad8 20. e4+ Kb8
21. Be2 Rhe8 22. Kb1 Ned7 23. Bf3 Nb6 24. Rfe1 Qe5 25. g4 Qa5 26. g5 Nfd7 27.
Nd5 Re5 28. Nxb6 Nxb6 29. Qd2 Qxd2 30. Rxd2 Rde8 31. Rde2 c6 32. b3 d5 33. exd5
Rxe2 34. Rxe2 Rxe2 35. Bxe2 Nxd5 36. Bd3 Nf4 37. h4 Kc7 38. Bc4 f6 39. Bf7 h6
40. gxh6 gxh6 41. h5 Kd6 42. Kb2 Ke5 43. Be8 Kxf5 44. Bd7+ Ke5 45. Bc8 b6 46.
Bxa6 Nxh5 47. Be2 Ng3 0-1

[Event "Barbera del Valles"]
[Site "XXX Open"]
[Date "2007.07.06"]
[Round "1"]
[White "Almeida Toledano, Daniel"]
[Black "Ortega Serra, Marc"]
[Result "1/2-1/2"]
[WhiteElo "2254"]
[BlackElo "1933"]
[PlyCount "101"]
[EventDate "2007.07.??"]
[EventType "swiss"]
[EventRounds "9"]
[EventCountry "ESP"]

1. e4 d5 2. exd5 Nf6 3. d4 Nxd5 4. Nf3 Bg4 5. Be2 e6 6. O-O Nd7 7. c4 N5b6 8.
b3 Be7 9. Bb2 O-O 10. Nc3 c5 11. Ne4 Bf5 12. Bd3 Qc7 13. Nxc5 Nxc5 14. Bxf5
exf5 15. dxc5 Bxc5 16. Qc2 g6 17. Rfe1 Nd7 18. Qc3 f6 19. b4 Bd6 20. c5 Be5 21.
Qb3+ Kg7 22. Nxe5 Nxe5 23. f4 Ng4 24. h3 Nh6 25. Qe6 Qf7 26. Rad1 Qxe6 27. Rxe6
Rf7 28. Rdd6 Ng8 29. g4 fxg4 30. hxg4 Kf8 31. Bxf6 Nxf6 32. Rxf6 Rxf6 33. Rxf6+
Ke7 34. Rd6 Rf8 35. Rd4 Rf6 36. Kf2 Ra6 37. Rd2 Ra3 38. Rc2 a6 39. c6 bxc6 40.
Rxc6 Rxa2+ 41. Kg3 Kf7 42. Rc7+ Kg8 43. Kh4 Rb2 44. Rb7 a5 45. b5 Rb4 46. b6 h6
47. g5 h5 48. Kg3 a4 49. Kf3 a3 50. Ke3 a2 51. Ra7 1/2-1/2

[Event "Barbera del Valles"]
[Site "XXX Open"]
[Date "2007.07.06"]
[Round "1"]
[White "Castro Exposito, Cristobal"]
[Black "Burgos Figueroa, Carlos"]
[Result "0-1"]
[WhiteElo "1916"]
[BlackElo "2237"]
[PlyCount "64"]
[EventDate "2007.07.??"]
[EventType "swiss"]
[EventRounds "9"]
[EventCountry "ESP"]

1. d4 Nf6 2. Nf3 g6 3. Bf4 Bg7 4. e3 O-O 5. Bc4 c5 6. c3 b6 7. Qe2 Bb7 8. Nbd2
d6 9. h4 h5 10. e4 cxd4 11. cxd4 d5 12. Bd3 dxe4 13. Nxe4 Nc6 14. O-O-O Rc8 15.
Kb1 Nb4 16. Rhe1 Qd5 17. Nc3 Qa5 18. a3 Nxd3 19. Qxd3 Ba6 20. Qd2 Rxc3 21. bxc3
Nd5 22. Kb2 Bc4 23. Be3 Rc8 24. Rc1 e6 25. Qc2 Bf8 26. Ra1 Qb5+ 27. Kc1 Bd3 28.
a4 Qa6 29. Qb2 Rxc3+ 30. Kd1 Bc2+ 31. Kc1 Bxa4+ 32. Kb1 Qd3+ 0-1

[Event "Barbera del Valles"]
[Site "XXX Open"]
[Date "2007.07.07"]
[Round "2"]
[White "Aloma Vidal, Robert"]
[Black "Teske, Henrik"]
[Result "1/2-1/2"]
[WhiteElo "2341"]
[BlackElo "2578"]
[PlyCount "61"]
[EventDate "2007.07.??"]
[EventType "swiss"]
[EventRounds "9"]
[EventCountry "ESP"]

1. d4 d5 2. Nf3 Nf6 3. e3 Bg4 4. c4 e6 5. Nc3 c6 6. h3 Bh5 7. g4 Bg6 8. Ne5
Nfd7 9. Nxg6 hxg6 10. cxd5 cxd5 11. Bg2 Nc6 12. O-O Bb4 13. e4 dxe4 14. Nxe4
O-O 15. a3 Be7 16. d5 exd5 17. Qxd5 Nf6 18. Qb5 Qb6 19. a4 Nxe4 20. Bxe4 Bc5
21. Bd2 Rfe8 22. Bg2 Rad8 23. Bc3 Qxb5 24. axb5 Nd4 25. Bxb7 Nxb5 26. Ba5 Rb8
27. Bd5 Re5 28. Bc4 Nd6 29. Bc7 Rb7 30. Bxd6 Bxd6 31. b3 1/2-1/2

[Event "Barbera del Valles"]
[Site "XXX Open"]
[Date "2007.07.07"]
[Round "2"]
[White "Camarena Gimenez, Rufino"]
[Black "Narciso Dublan, Marc"]
[Result "1-0"]
[WhiteElo "2332"]
[BlackElo "2552"]
[PlyCount "71"]
[EventDate "2007.07.??"]
[EventType "swiss"]
[EventRounds "9"]
[EventCountry "ESP"]

1. d4 e6 2. e4 d5 3. Nd2 Nf6 4. e5 Nfd7 5. f4 c5 6. c3 cxd4 7. cxd4 f6 8. Bd3
Qe7 9. Ne2 Nc6 10. O-O g6 11. Nf3 Bg7 12. a3 Nb6 13. h4 Bd7 14. b3 O-O-O 15.
Bd2 Kb8 16. b4 Rc8 17. b5 Nd8 18. Bb4 Qe8 19. Qb3 Nf7 20. a4 fxe5 21. dxe5 Bf8
22. Ned4 Bxb4 23. Qxb4 Qf8 24. Qd2 Nh6 25. Rfc1 Rxc1+ 26. Rxc1 Nxa4 27. Ra1 Nb6
28. Qa5 Qxf4 29. Qxa7+ Kc7 30. Qa3 Kd8 31. Nxe6+ Bxe6 32. Qd6+ Kc8 33. Qxe6+
Kc7 34. Qd6+ Kc8 35. Qxb6 Ng4 36. Ra8+ 1-0

[Event "Barbera del Valles"]
[Site "XXX Open"]
[Date "2007.07.07"]
[Round "2"]
[White "Jankovic, Alojzije"]
[Black "Asis Gargatagli, Hipolit"]
[Result "1-0"]
[WhiteElo "2536"]
[BlackElo "2374"]
[PlyCount "129"]
[EventDate "2007.07.??"]
[EventType "swiss"]
[EventRounds "9"]
[EventCountry "ESP"]

1. d4 Nf6 2. c4 e6 3. Nc3 Bb4 4. e3 c5 5. Nge2 Ne4 6. Qc2 d5 7. a3 Ba5 8. dxc5
Qf6 9. f3 Nxc3 10. Nxc3 Bxc3+ 11. Qxc3 Qxc3+ 12. bxc3 Na6 13. cxd5 exd5 14.
Bxa6 bxa6 15. Rb1 Kd7 16. c4 dxc4 17. Rb4 Kc6 18. Rxc4 Be6 19. Rc3 Rhb8 20. O-O
Rb5 21. Rd1 Rxc5 22. Rxc5+ Kxc5 23. Bb2 g6 24. g4 h5 25. gxh5 gxh5 26. Kf2 h4
27. Bf6 h3 28. Rg1 Kb5 29. e4 Rc8 30. Re1 Rg8 31. Ke3 Ka4 32. Be7 Re8 33. Bd6
Rd8 34. Rd1 Kb5 35. Rb1+ Kc6 36. Bg3 Bc4 37. Rc1 Rd3+ 38. Kf4 Kb5 39. a4+ Kb4
40. Be1+ Kb3 41. a5 Be6 42. Rc6 Rd1 43. Bf2 Rd2 44. Kg3 Bc4 45. Bxa7 Ra2 46.
Bb6 Be6 47. Bc7 Rg2+ 48. Kh4 Rc2 49. Rb6+ Ka4 50. Rb7 Bc8 51. Ra7 Kb5 52. Bg3
Be6 53. Bc7 Bc8 54. Kg5 Kc6 55. Bg3 Bb7 56. Kg4 Rc3 57. f4 Ra3 58. Kxh3 Rxa5
59. Kg4 Rb5 60. h4 Kd7 61. e5 Ke8 62. f5 f6 63. e6 Kf8 64. h5 Kg7 65. h6+ 1-0